Qualitative Researching with Image and Sound (Record no. 3327)

MARC details
000 -LEADER
fixed length control field 00398nam a2200157Ia 4500
008 - FIXED-LENGTH DATA ELEMENTS--GENERAL INFORMATION
fixed length control field 230312s9999||||xx |||||||||||||| ||und||
020 ## - INTERNATIONAL STANDARD BOOK NUMBER
International Standard Book Number 10 0 7619 6480
082 ## - DEWEY DECIMAL CLASSIFICATION NUMBER
Classification number 001.42
Item number QUA
100 ## - MAIN ENTRY--PERSONAL NAME
Personal name Bauer Martin W. ed .
245 #0 - TITLE STATEMENT
Title Qualitative Researching with Image and Sound
260 ## - PUBLICATION, DISTRIBUTION, ETC.
Name of publisher, distributor, etc. SAGE Publications
Place of publication, distribution, etc. London
Date of publication, distribution, etc. 1988
300 ## - PHYSICAL DESCRIPTION
Extent 374
546 ## - LANGUAGE NOTE
Language note Eng.
650 ## - SUBJECT ADDED ENTRY--TOPICAL TERM
Topical term or geographic name entry element Management
942 ## - ADDED ENTRY ELEMENTS (KOHA)
Koha item type BOOK
Holdings
Withdrawn status Lost status Source of classification or shelving scheme Damaged status Not for loan Home library Current library Date acquired Total Checkouts Full call number Barcode Date last seen Price effective from Koha item type
    Dewey Decimal Classification     Superior Information Resource Center (SIRC) Superior University- Main Campus Superior Information Resource Center (SIRC) Superior University- Main Campus 03/13/2023   001.42 QUA 3341 03/13/2023 03/13/2023 BOOK

Powered by Koha